000 00762nam a22002297a 4500
003 UA-OsUOA
001 54355
007 ta
008 20170905b un ||||| |||| 00| 0 ukr d
090 _a082
_bБ43
942 _cBK
040 _aUA-OsUOA
_bukr
_cUA-OsUOA
_dUA-OsUOA
245 _aБеларусь, Расія, Украіна: дыалог народау і культур
_cсклад. Д.У. Карау, В.В. Масненка
300 _a424 с.
955 _a1
041 _aukr
080 _a082
260 _aГродна
_bЮрсаПрынт
_c2013
650 7 _a08 Видання. Колективні праці
_2UDC
999 _c434475
_d434475